| 000 | 00492nam a2200169 a 4500 | ||
|---|---|---|---|
| 001 | 000033703 | ||
| 005 | 20200930070445.0 | ||
| 008 | 110906s1974 ve 000 0 spa d | ||
| 100 | 1 |
_aZamora, Antoni _959154 |
|
| 245 | 1 | 0 |
_aMemorias de la guerrilla venezolana / _cAntoni Zamora. |
| 260 |
_aCaracas : _bSintesis Dosmil, _c1974. |
||
| 300 |
_a149 p. ; _c20 cm . |
||
| 490 | 1 | _aTestimonios | |
| 500 | _aIncluye notas al pie de las páginas | ||
| 830 | 0 |
_aTestimonios _91293 |
|
| 999 |
_c33194 _d33194 |
||
| 040 | _aDO-SdBNP | ||